La novela cortesana: forma y estructura

Furkejuvvon:
Bibliográfalaš dieđut
Váldodahkki: Palomo, María del Pilar (autora)
Materiálatiipa: Girji
Giella:espánnjágiella
Almmustuhtton: Barcelona Planeta 1976
Ráidu:Colecciones Universitarias Planeta
Fáttát:
Fáddágilkorat: Lasit fáddágilkoriid
Eai fáddágilkorat, Lasit vuosttaš fáddágilkora!

MARC

LEADER 00000nam a2200000 a 4500
001 UCX5670
003 CL-VaPUC
008 921230e19760000SP |||||||||||||||||spa|d
082 0 4 |a 863.09  |b PAL  |2 21 
100 |a Palomo, María del Pilar  |e autora  |9 322015 
245 1 3 |a La novela cortesana: forma y estructura 
300 |a 151 p 
942 |c BK 
945 |d 19921230 00:00:00 
260 |a Barcelona  |b Planeta  |c 1976 
650 7 |a NOVELA ESPAÑOLA  |2 CL-VaPUC  |9 313139 
650 7 |a HISTORIA Y CRITICA SIGLO 17  |2 CL-VaPUC  |9 322016 
583 |a last modification  |c 19921230 00:00:00  |k Rodrigo Vera 
490 0 |a Colecciones Universitarias Planeta 
999 |c 225869  |d 225867 
952 |0 0  |1 0  |4 0  |6 863_090000000000000_PAL_1976  |7 0  |8 A  |9 223759  |a BIBEDU  |b BIBEDU  |d 2019-11-15  |i 2925885  |o 863.09 PAL 1976  |p 2925885  |r 2019-11-15  |w 2019-11-15  |y BK  |k LIT 
952 |0 0  |1 0  |4 0  |6 863_090000000000000_PAL_1976  |7 0  |8 A  |9 223760  |a FDOPOS  |b FDOPOS  |d 2019-11-15  |i 1474448  |o 863.09 PAL 1976  |p 1474448  |r 2025-01-22  |w 2019-11-15  |y BK  |k MLH 
952 |0 0  |1 0  |4 0  |6 863_090000000000000_PAL_1976  |7 0  |8 A  |9 223761  |a FDOPOS  |b FDOPOS  |d 2019-11-15  |i 1474391  |o 863.09 PAL 1976  |p 1474391  |r 2025-01-22  |w 2019-11-15  |y BK  |k MLH